-
DURAIPANDIAN, P. AND PACHAIYAPPA, KAYALAL
Entry Personal Name
Number of records used in: 1
001 - CONTROL NUMBER
003 - CONTROL NUMBER IDENTIFIER
005 - DATE AND TIME OF LATEST TRANSACTION
- control field:
20170916115357.0
008 - FIXED-LENGTH DATA ELEMENTS
- fixed length control field:
170916|| aca||aabn | a|a d
040 ## - CATALOGING SOURCE
- Original cataloging agency:
OSt
- Transcribing agency:
OSt
100 ## - HEADING--PERSONAL NAME
- Personal name:
DURAIPANDIAN, P. AND PACHAIYAPPA, KAYALAL
670 ## - SOURCE DATA FOUND
- Source citation:
Work cat.: (OSt): DURAIPANDIAN, P. AND PACHAIYAPPA, KAYALAL, VECTOR ANALYSIS , 2014